000 00778nam a2200205Ia 4500
999 _c55851
_d55851
001 22948
003 GE_BSU
005 20250908204355.0
008 181216s1977||||ge |||||||||||||| ||geo||
040 _cGE_BSU
041 _ageo
080 _a81'374.822 რ-94
100 _aკანკავა, მ. ვ.
_925785
245 _aრუსულ-ქართული ლექსიკონი :
_bზოგადსაგანმანათლებლო სკოლებისათვის /
_cმ. ვ. კანკავა.
264 _aთბილისი :
_bგანათლება,
_c1977.
300 _a578 გვ. ;
_c17 სმ.
541 _h6 ლ.
653 _aრუსულ-ქართული ლექსიკონი
942 _cBK
_2udc